| 000 | 00535nam a22001817a 4500 | ||
|---|---|---|---|
| 005 | 20180829104950.0 | ||
| 010 | _aENG-123879 | ||
| 020 |
_c895.00 _a9789381005569 |
||
| 035 | _aEN-107411 | ||
| 037 | _bDBAD/PUB | ||
| 082 | _a658 | ||
| 100 | _aMunjal, Satish | ||
| 245 |
_aFundamentals of business organizations / _cby Satish Munjal |
||
| 260 |
_c2013 _aJaipur _bRaj Publishing House |
||
| 270 |
_a44, Parnami Mandir, Givind Marg, _bJaipur _e302004 |
||
| 300 |
_c22cm(Hb.) _aii,191p. |
||
| 942 |
_cEN _2ddc _mMUN _h658 |
||
| 999 |
_c156495 _d156495 |
||